LEADER 00998nam a2200241 i 4500 001 000000103351 003 CaOOAMICUS 005 20260529125729.0 008 010927s1985 it u000 u ita u 020 $a88-02-03914-3 040 $aSeMil$bita 245 10$a1: Ebraismo e Cristianesimo /$ca cura di Giorgio Barbero ... [et al.]. 300 $aVIII, 678 p., [3] c. di tav., [18] p. di tav. 650 4$aGiudaismo - Origini.$0(OLS)http://semarc/subject/60393 650 4$aCristianesimo - Origini.$0(OLS)http://semarc/subject/1287 700 1 $aBarbero, Giorgio.$0(OLS)http://semarc/name/804 773 0 $t2: Ebraismo e Cristianesimo . Il Medioevo.$gTomo1$w()6675 850 $aSeMil 852 $aSeMil$W1$xVenegono$y1$mSL1.M VI 2/1$j59812$B59812$CSeMilBibl$Z2$F44297 $8I 961 $aAcquisto: UTET (Agente) 996 $6020$a88-02-03914-3$9(OLS)http://semarc/number/80670 996 $6245$a1: Ebraismo e Cristianesimo$9(OLS)http://semarc/title/459973